00554 a2200169 450000500170000000800410001701000140005802000230007203500130009503700180010808200100012624500800013626000490021627000840026530000290034971000060037820090526155726.0090526t xxu||||| |||| 00| 0 eng d aENG-85133 a8131301850c995.00 aEN-68666 bD.B.Act / Pub a628.5 aEnvironmental biotechnologycedited by C. S. K. Mishra and Asha A. Juwarkar aNew DelhibAPH Publishing Corporatioonc2007 a5, Ansari Road, Darya GanjbNew Delhie110 002maphbooks@vsnl.netk011 23274050 axivi, 466p.b21cm. (Hb) a.